书目信息 |
| 题名: |
中国房地产发展报告
|
|
| 作者: | 牛凤瑞 主编 | |
| 分册: | NO.4 | |
| 出版信息: | 北京 社会科学文献出版社 2007.04 |
|
| 页数: | 310页 | |
| 开本: | 24cm | |
| 丛书名: | 房地产蓝皮书 | |
| 单 册: | ||
| 中图分类: | F299.233 | |
| 科图分类: | ||
| 主题词: | 房地产业--fang di chan ye--经济发展--研究报告--中国 | |
| 电子资源: | ||
| ISBN: | 978-7-80230-557-1 | |
| 000 | 01117nam 2200277 450 | |
| 001 | 012007611629 | |
| 005 | 20071125134139.00 | |
| 010 | @a978-7-80230-557-1@dCNY49.00 (含光盘) | |
| 100 | @a20071124d2007 km y0chiy0120 ea | |
| 101 | 0 | @achi@eeng |
| 102 | @aCN@b110000 | |
| 105 | @aa z 000yy | |
| 106 | @ar | |
| 200 | 1 | @a中国房地产发展报告@Azhong guo fang di chan fa zhan bao gao@d= Report on the development of China's real estate@hNO.4@f牛凤瑞主编@Fniu feng rui zhu bian@zeng |
| 210 | @a北京@c社会科学文献出版社@d2007.04 | |
| 215 | @a310页@c图@d24cm@e光盘1片 | |
| 225 | 2 | @a房地产蓝皮书@Afang di chan lan pi shu |
| 307 | @a光盘 ISBN: 978-7-90227-11-9 | |
| 330 | @a本书分为总报告、专题报告、土地篇、市场管理篇、住房保障篇、区域篇、热点与专题篇等,主要分析了我国房地产历史、现状及未来趋势。 | |
| 410 | 0 | @12001 @a房地产蓝皮书 |
| 510 | 1 | @aReport on the development of China's real estate@zeng |
| 606 | 0 | @a房地产业@Afang di chan ye@x经济发展@x研究报告@y中国 |
| 690 | @aF299.233@v4 | |
| 701 | 0 | @a牛凤瑞@Aniu feng rui@4主编 |
| 801 | 0 | @aCN@bQSSK@c20071125 |
| 905 | @b268173-75@dF299.233@eN702:4@f3 | |
| 中国房地产发展报告= Report on the development of China's real estate.NO.4/牛凤瑞主编.-北京:社会科学文献出版社,2007.04 |
| 310页:图;24cm+光盘1片.-(房地产蓝皮书) |
| ISBN 978-7-80230-557-1:CNY49.00 (含光盘) |
| 本书分为总报告、专题报告、土地篇、市场管理篇、住房保障篇、区域篇、热点与专题篇等,主要分析了我国房地产历史、现状及未来趋势。 |
| ● |
| 相关链接 |
|
|
|
正题名:中国房地产发展报告
索取号:F299.233/N702:4
 
预约/预借
| 序号 | 登录号 | 条形码 | 馆藏地/架位号 | 状态 | 备注 |
| 1 | 268173 | 202681730 | 社科库409/409社科库 110排2列4层/ [索取号:F299.233/N702:4] | 在馆 | |
| 2 | 268174 | 202681749 | 社科库409/409社科库 110排2列5层/ [索取号:F299.233/N702:4] | 在馆 | |
| 3 | 268175 | 202681758 | 社科库409/409社科库 110排2列4层/ [索取号:F299.233/N702:4] | 在馆 |